<?xml version="1.0" encoding="UTF-8"?>
<record
    xmlns:xsi="http://www.w3.org/2001/XMLSchema-instance"
    xsi:schemaLocation="http://www.loc.gov/MARC21/slim http://www.loc.gov/standards/marcxml/schema/MARC21slim.xsd"
    xmlns="http://www.loc.gov/MARC21/slim">

  <leader>02467cam a2200361 i 4500</leader>
  <controlfield tag="001">7687714001</controlfield>
  <controlfield tag="003">CO-MdFUSB</controlfield>
  <controlfield tag="005">20220408115430.0</controlfield>
  <controlfield tag="007">ta</controlfield>
  <controlfield tag="008">090128t2009    inu      b    000 0 eng  </controlfield>
  <datafield tag="020" ind1=" " ind2=" ">
    <subfield code="a">1575068060</subfield>
  </datafield>
  <datafield tag="040" ind1=" " ind2=" ">
    <subfield code="a">DLC</subfield>
    <subfield code="c">CO-MdFUSB</subfield>
    <subfield code="d">YDX</subfield>
    <subfield code="d">YDXCP</subfield>
    <subfield code="d">CDX</subfield>
    <subfield code="d">EMT</subfield>
    <subfield code="d">BWX</subfield>
    <subfield code="d">UtOrBLW</subfield>
    <subfield code="b">spa</subfield>
    <subfield code="e">rda</subfield>
  </datafield>
  <datafield tag="041" ind1=" " ind2=" ">
    <subfield code="a">eng</subfield>
  </datafield>
  <datafield tag="082" ind1=" " ind2=" ">
    <subfield code="2">23</subfield>
    <subfield code="a">224.106</subfield>
    <subfield code="b">EI34</subfield>
  </datafield>
  <datafield tag="100" ind1="1" ind2=" ">
    <subfield code="a">Eidevall, Goran.</subfield>
    <subfield code="e">autor</subfield>
  </datafield>
  <datafield tag="245" ind1="1" ind2="0">
    <subfield code="a">Prophecy and propaganda :</subfield>
    <subfield code="b">images of enemies in the Book of Isaiah</subfield>
    <subfield code="c">/ Goran Eidevall.</subfield>
  </datafield>
  <datafield tag="264" ind1=" " ind2="1">
    <subfield code="a">Winona Lake, Ind. :</subfield>
    <subfield code="b">Eisenbrauns,</subfield>
    <subfield code="c">[2009]</subfield>
  </datafield>
  <datafield tag="264" ind1=" " ind2="4">
    <subfield code="c">&#xA9; 2009</subfield>
  </datafield>
  <datafield tag="300" ind1=" " ind2=" ">
    <subfield code="a">219 p&#xE1;ginas ;</subfield>
    <subfield code="c">23 cm.</subfield>
  </datafield>
  <datafield tag="336" ind1=" " ind2=" ">
    <subfield code="2">rdacontent</subfield>
    <subfield code="a">texto</subfield>
    <subfield code="b">txt</subfield>
  </datafield>
  <datafield tag="337" ind1=" " ind2=" ">
    <subfield code="2">rdamedia</subfield>
    <subfield code="a">sin mediaci&#xF3;n</subfield>
    <subfield code="b">n</subfield>
  </datafield>
  <datafield tag="338" ind1=" " ind2=" ">
    <subfield code="2">rdacarrier</subfield>
    <subfield code="a">volumen</subfield>
    <subfield code="b">nc</subfield>
  </datafield>
  <datafield tag="490" ind1="1" ind2=" ">
    <subfield code="a">Coniectanea biblica. Old Testament series,</subfield>
  </datafield>
  <datafield tag="504" ind1=" " ind2=" ">
    <subfield code="a">Incluye referencias bibliogr&#xE1;ficas (p. 204-219).</subfield>
  </datafield>
  <datafield tag="505" ind1=" " ind2=" ">
    <subfield code="a">Delineaci&#xF3;n de la tarea : antecedentes y objetivos -- Sobre las im&#xE1;genes enemigas -- Im&#xE1;genes enemigas en textos del antiguo Cercano Oriente -- Im&#xE1;genes enemigas y ex&#xE9;gesis b&#xED;blica : perspectivas sobre investigaciones previas -- Sobre el Libro de Isa&#xED;as como objeto de investigaci&#xF3;n -- Problemas , metas y m&#xE9;todos -- Im&#xE1;genes de imperios -- Isa 5:26-30 : un pr&#xF3;logo al discurso sobre los imperios -- Im&#xE1;genes de Asiria -- Im&#xE1;genes de Egipto y Cus -- Im&#xE1;genes de Babilonia -- Retratos del imperio : comparaciones y conclusiones -- Im&#xE1;genes de naciones vecinas -- Im&#xE1;genes de Efra&#xED;n/Israel y Aram -- Im&#xE1;genes de Edom -- Im&#xE1;genes de otras naciones vecinas -- Naciones vecinas : comparaciones y conclusiones -- Enemigos an&#xF3;nimos -- Rebeldes y rastrojos : caracterizaci&#xF3;n de enemigos an&#xF3;nimos -- Pasajes clave -- Enlaces a im&#xE1;genes de naciones e imperios -- Enemigos con y sin nombre en una perspectiva macro estructural -- Los enemigos y YHWH -- Enemigos de YHWH -- Los enemigos como instrumentos al servicio de YHWH -- YHWH como enemigo -- YHWH como el enemigo del enemigo -- Enemigo im&#xE1;genes, ideolog&#xED;a e identidad -- La perspectiva centrada en Sion y el paradigma 701 -- Las profec&#xED;as como propaganda pol&#xED;tica -- Sobre las im&#xE1;genes del enemigo y las autoim&#xE1;genes impl&#xED;citas -- Resumen.</subfield>
  </datafield>
  <datafield tag="563" ind1=" " ind2=" ">
    <subfield code="a">R&#xFA;stico</subfield>
  </datafield>
  <datafield tag="630" ind1=" " ind2="7">
    <subfield code="a">Biblia</subfield>
    <subfield code="p">Isa&#xED;as</subfield>
    <subfield code="x">Cr&#xED;tica, interpretaci&#xF3;n, etc.</subfield>
  </datafield>
  <datafield tag="653" ind1=" " ind2=" ">
    <subfield code="a">Enemigos en la Biblia</subfield>
  </datafield>
  <datafield tag="830" ind1=" " ind2="0">
    <subfield code="a">Coniectanea biblica.</subfield>
    <subfield code="p">Old Testament series ;</subfield>
    <subfield code="v">56.</subfield>
  </datafield>
  <datafield tag="942" ind1=" " ind2=" ">
    <subfield code="c">BK</subfield>
  </datafield>
  <datafield tag="945" ind1=" " ind2=" ">
    <subfield code="a">JTF-925</subfield>
  </datafield>
  <datafield tag="952" ind1=" " ind2=" ">
    <subfield code="0">0</subfield>
    <subfield code="1">0</subfield>
    <subfield code="2">ddc</subfield>
    <subfield code="4">0</subfield>
    <subfield code="7">0</subfield>
    <subfield code="8">GEN</subfield>
    <subfield code="a">FUSBC</subfield>
    <subfield code="b">FUSBC</subfield>
    <subfield code="d">2022-03-07</subfield>
    <subfield code="l">1</subfield>
    <subfield code="o">G 224.106 EI34p</subfield>
    <subfield code="p">21553</subfield>
    <subfield code="r">2024-05-06 00:00:00</subfield>
    <subfield code="s">2024-03-11</subfield>
    <subfield code="t">Ej.1</subfield>
    <subfield code="w">2022-03-07</subfield>
    <subfield code="y">BK</subfield>
    <subfield code="k">1</subfield>
  </datafield>
  <datafield tag="999" ind1=" " ind2=" ">
    <subfield code="c">67370</subfield>
    <subfield code="d">67370</subfield>
  </datafield>
</record>
